Catalog

Record Details

Catalog Search



The rise of Jonas Olsen : a Norwegian immigrant's ... Read More

Available copies

  • 1 of 1 copy available at LARL/NWRL Consortium. (Show)
  • 1 of 1 copy available at Northwest Regional Library.

Current holds

0 current holds with 1 total copy.

Show Only Available Copies
Location Call Number / Copy Notes Barcode Shelving Location Status Due Date
Roseau Public Library WIS (Text) 35500003801014 Main Available -

Record details

  • ISBN: 081664750X (hc/j : alk. paper)
  • Physical Description: xxxiv, 434 p. ; 24 cm.
  • Publisher: Minneapolis : University of Minnesota Press, c2005.

Content descriptions

General Note:
Translator's title.
Bibliography, etc. Note:
Includes bibliographical references.
Formatted Contents Note:
Bk. 1. Scenes from the life of a newcomer: Jonas ... Read More
Subject: Norwegians > United States > Fiction.
LDR 01339cam a22002778a 4500
00168341
003LARL_NWRL_CONSORTIUM
00520060311202236.0
008051005s2005 mnu b 000 1 eng
010 . ‡a2005029093
020 . ‡a081664750X (hc/j : alk. paper)
040 . ‡aDLC ‡cDLC ‡dDLC
0411 . ‡aeng ‡hnor
042 . ‡apcc
08200. ‡a839.82/372 ‡222
1001 . ‡aWist, Johs. B. ‡q(Johannes Benjamin), ‡d1864-1923. ‡0(LARL_NWRL_CONSORTIUM)203708
24514. ‡aThe rise of Jonas Olsen : ‡ba Norwegian immigrant's saga / ‡cJohannes B. Wist ; translated and with an introduction by Orm Øverland ; foreword by Todd W. Nichol.
260 . ‡aMinneapolis : ‡bUniversity of Minnesota Press, ‡cc2005.
300 . ‡axxxiv, 434 p. ; ‡c24 cm.
500 . ‡aTranslator's title.
504 . ‡aIncludes bibliographical references.
5050 . ‡aBk. 1. Scenes from the life of a newcomer: Jonas Olsen's first years in America -- bk. 2. The home on the prairie: Jonas Olsen's first year in the settlement -- bk. 3. Jonasville.
650 0. ‡aNorwegians ‡zUnited States ‡vFiction.
7001 . ‡aØverland, Orm, ‡d1935- ‡0(LARL_NWRL_CONSORTIUM)80186
901 . ‡a68341 ‡bISxN ‡c68341 ‡tbiblio

Additional Resources